000
00293nam a2200121Ia 4500
999
_c
6787
_d
6787
008
200302s9999 xx 000 0 und d
100
_a
Salingaros, Nikos Angelos
245
_a
Anti-architecture and deconstruction
260
_b
Umbau. Verlag
260
_c
2008
300
_a
200
942
_2
ddc